Countries With Consecutive Consonants - Statistics

General Stats
  • This quiz has been taken 20 times
    10 since last reset
  • The average score is 7 of 11
Answer Stats
# Country % Correct
6 Kyrgyzstan
100%
3 Turkmenistan
88%
3 Afghanistan
75%
4 Kazakhstan
75%
4 Egypt
63%
3 Netherlands
63%
3 Bangladesh
50%
3 Botswana
50%
3 Cyprus
38%
3 Syria
38%
3 Seychelles
13%
No matching quizzes found
Score Distribution
Percent of People with Each Score
Percentile by Number Answered
Your Score History
You have not taken this quiz since the last reset